Datum a čas kvízu
17
Celkem bodů
Celkový počet nahraných bodů na tomto kvízu bez doplňovacích otázek.
7.
Pořadí na kvízu
Konečné umístění týmu na tomto kvízu.
Zaznamenané odpovědi
| # | Otázka | Odpověď | Body | Výsledky |
|---|---|---|---|---|
| 1. | Jak se jmenuje kandidát na úst... | Pavel Simon | 0 | |
| 2. | Paprička jisté odrůdy existuje... | Pepper X | 1 | |
| 3. | Ve čtvrtek mělo premiéru ameri... | Martin Scorsese | 0 | |
| 4. | Německý národní dopravce Deuts... | Arriva | 0 | |
| 5. | Ve čtvrtek na tenisovém turnaj... | zahrál úder opačnou rukou | 1 | |
| 6. | V tomto tématu zabrousíme do č... | Jana Nerudu | 0 | |
| 7. | Drama Nabarvené ptáče z roku 2... | Václav Marhoul | 0 | |
| 8. | V srpnu 2023 přišel do kin fil... | Nikdy neříkej nikdy | 0 | |
| 9. | Nemocnice na kraji města je je... | Karel Höger | 0 | |
| 10. | Ptakopysk sice není pták, ale... | Nejistá sezona | 1 |